000
00272nam a22001337a 4500
003
SGT
020
_a
9780865776968
082
_a
400
_b
S98R
100
_a
ROSER, ROSS J.
245
_a
SPEECH LANGUAGE PATHOLOGY
260
_b
THIEME PUB
300
_a
582
942
_2
ddc
_c
BK
999
_c
17895
_d
17895